<?xml version="1.0" encoding="UTF-8"?>
<marc:record xmlns:marc="http://www.loc.gov/MARC21/slim">
   <marc:leader>00000nam a2200000 a 4500</marc:leader>
   <marc:datafield ind1="1" ind2=" " tag="100">
      <marc:subfield code="a">Berk, Laura E.</marc:subfield>
      <marc:subfield code="4">aut</marc:subfield>
      <marc:subfield code="e">Verfasser/-in</marc:subfield>
   </marc:datafield>
   <marc:datafield ind1=" " ind2=" " tag="653">
      <marc:subfield code="a">Entwicklungspsychologie</marc:subfield>
   </marc:datafield>
   <marc:datafield ind1="0" ind2="0" tag="245">
      <marc:subfield code="a">Entwicklungspsychologie</marc:subfield>
   </marc:datafield>
   <marc:datafield ind1="0" ind2="0" tag="245">
      <marc:subfield code="c">Laura E. Berk</marc:subfield>
   </marc:datafield>
   <marc:datafield ind1=" " ind2="1" tag="264">
      <marc:subfield code="a">München</marc:subfield>
      <marc:subfield code="b">Pearson</marc:subfield>
      <marc:subfield code="c">2011</marc:subfield>
   </marc:datafield>
   <marc:datafield ind1=" " ind2=" " tag="250">
      <marc:subfield code="a">5., akt. Aufl.</marc:subfield>
   </marc:datafield>
   <marc:datafield ind1="1" ind2=" " tag="520">
      <marc:subfield code="a">Der einzigartige Ansatz, Entwicklungspsycho-&lt;br/&gt;logie zu vermitteln, macht dieses Lehrbuch zu  einem internationalen Bestseller. Das Buch  ist chronologisch aufgebaut und innerhalb der  Entwicklungsstufen thematisch strukturiert.  Jeder Lebensabschnitt wird aus physischer,  kognitiver, emotionaler und sozialer Perspek-&lt;br/&gt;tive betrachtet.&lt;br/&gt;Wissenschaftlich auf dem neuesten Stand, mo&lt;br/&gt;tiviert der Text Studierende der Psychologie  und Pädagogik sowie Lehramtsstudenten vor  allem durch die klare Darstellung, die her-&lt;br/&gt;vorragende Didaktik und die lebendigen Bei-&lt;br/&gt;spiele.&lt;br/&gt;Die vorliegende deutsche Ausgabe wurde sensi-&lt;br/&gt;bel an lokale Besonderheiten angepaßt und ist  reich an praktischen Bezügen zum persönlichen  und professionellen Leben der Lernenden.&lt;br/&gt;Inhalt:&lt;br/&gt;- Geschichtliche Hintergründe, Theorie und&lt;br/&gt;  Forschungsstrategien&lt;br/&gt;- Grundlagen der Entwicklung&lt;br/&gt;- Biologische Grundlagen und Umweltbedingun-&lt;br/&gt;  gen&lt;br/&gt;- Pränatale Entwicklung, Geburt und das Neu-&lt;br/&gt;  geborene&lt;br/&gt;- Säuglings- und Kleinkindalter: Die ersten&lt;br/&gt;  beiden Jahre&lt;br/&gt;- Frühe Kindheit: Zwei bis sechs Jahre&lt;br/&gt;- Mittlere Kindheit: Sechs bis elf Jahre&lt;br/&gt;- Adoleszenz: Der Übergang zum Erwachsenen-&lt;br/&gt;  alter&lt;br/&gt;- Mittleres Erwachsenenalter&lt;br/&gt;- Spätes Erwachsenenalter&lt;br/&gt;- Das Ende der Lebensspanne - Der Tod&lt;br/&gt; </marc:subfield>
   </marc:datafield>
   <marc:datafield ind1=" " ind2=" " tag="020">
      <marc:subfield code="a">9783868940497</marc:subfield>
      <marc:subfield code="9">9783868940497</marc:subfield>
   </marc:datafield>
   <marc:datafield ind1=" " ind2=" " tag="041">
      <marc:subfield code="a">ger</marc:subfield>
   </marc:datafield>
   <marc:datafield ind1="1" ind2=" " tag="521">
      <marc:subfield code="a">0</marc:subfield>
   </marc:datafield>
   <marc:datafield ind1=" " ind2=" " tag="300">
      <marc:subfield code="a">1074 S.</marc:subfield>
   </marc:datafield>
</marc:record>
